000 00587nam a2200229 i 4500
001 C2-0250622
003 PPAK
005 20180727214259.0
008 030713s1965 xxu |||| ||||| | eng d
040 _aPPAK
_beng
_cPPAK
_erda
082 0 4 _a823
_223
090 0 0 _a823
_bSOY
_dKSA
100 1 _aSoyinka, Wole,
_eauthor
245 1 4 _aThe interpreters
264 1 _aCollins :
_bFontana Books ,
_c1965
300 _a255 pages ;
_c18 cm
336 _2rdacontent
_atext
337 _2rdamedia
_aunmediated
338 _2rdacarrier
_avolume
650 1 0 _aEnglish fiction
942 _ddc
_cB
999 _c63960
_d63960